000 00220nam a2200085Ia 4500
245 0 _aAncient medicine
100 _a Langley, Andrew, London, 2012
_986030
942 _cBK
008 210817s9999 xx 000 0 und d
999 _c325283
_d325282